[Event "5ème open de Provence (A)"]
[Site "Salon de Provence"]
[Date "2014.??.??"]
[Round "5.6"]
[White "Danielian, Kevin"]
[Black "Busson, Benoist"]
[Result "1/2-1/2"]
[WhiteElo "1848"]
[BlackElo "1977"]
[PlyCount "99"]
[EventDate "2014.??.??"]

1. d4 Nf6 2. c4 Nc6 3. Nf3 e6 4. Nc3 Bb4 5. e3 O-O 6. c5 b6 7. cxb6 axb6 8. Qc2
Re8 9. Be2 Ba6 10. O-O Bxe2 11. Nxe2 e5 12. Bd2 exd4 13. Nexd4 Nxd4 14. Nxd4
Bxd2 15. Qxd2 Ra5 16. b4 Rh5 17. Nf3 g5 18. a4 Ne4 19. Qd5 d6 20. a5 Nf6 21.
Qc6 g4 22. Nd4 Nd7 23. a6 Ne5 24. Qb7 c5 25. a7 Qa8 26. Qxa8 Rxa8 27. Nb5 Nc6
28. Nxd6 Rxa7 29. Rxa7 Nxa7 30. bxc5 Rxc5 31. e4 Nc6 32. Rb1 Ne5 33. Kf1 Nd7
34. Rb2 Rc1+ 35. Ke2 Rh1 36. Nc4 Rxh2 37. Nxb6 Nxb6 38. Rxb6 Rxg2 39. Ke3 Kg7
40. e5 h5 41. Rb7 Kf8 42. Ra7 h4 43. Ra1 h3 44. Rh1 Kg7 45. f3 gxf3 46. Kxf3
Ra2 47. Rxh3 Ra3+ 48. Kg4 Rxh3 49. Kxh3 Kg6 50. Kg4 1/2-1/2

[Event "5ème open de Provence (A)"]
[Site "Salon de Provence"]
[Date "2014.??.??"]
[Round "5.7"]
[White "Vincensini, Emmanuel"]
[Black "Benavides, Jeremy"]
[Result "1-0"]
[WhiteElo "1960"]
[BlackElo "1835"]
[PlyCount "73"]
[EventDate "2014.??.??"]

1. c4 Nf6 2. d4 g6 3. Nc3 d5 4. Bf4 Bg7 5. e3 O-O 6. cxd5 Nxd5 7. Nxd5 Qxd5 8.
Bxc7 Na6 9. Bxa6 Qxg2 10. Qf3 Qxf3 11. Nxf3 bxa6 12. O-O Bb7 13. Nd2 Rfe8 14.
f3 e5 15. Bxe5 Bxe5 16. dxe5 Rxe5 17. e4 Rd8 18. Rfd1 Rc8 19. Rac1 Rec5 20. Nb3
Rxc1 21. Rxc1 Rxc1+ 22. Nxc1 f5 23. exf5 gxf5 24. Kf2 Kf7 25. Ke3 Ke6 26. Nd3
Kd5 27. h4 a5 28. Nc1 a4 29. Ne2 Ke5 30. f4+ Kd6 31. Kd4 Bd5 32. Nc3 Be6 33.
Nxa4 Bxa2 34. Nc3 Be6 35. Nb5+ Kc6 36. Nxa7+ Kb6 37. Ke5 1-0

[Event "5ème open de Provence (A)"]
[Site "Salon de Provence"]
[Date "2014.??.??"]
[Round "5.8"]
[White "Legrand, Vincent"]
[Black "Brongers, Henk"]
[Result "1/2-1/2"]
[WhiteElo "1833"]
[BlackElo "2027"]
[PlyCount "85"]
[EventDate "2014.??.??"]

1. e4 Nf6 2. Nc3 d5 3. exd5 Nxd5 4. Nge2 c6 5. g3 Bg4 6. Bg2 e6 7. Nxd5 exd5 8.
O-O Bd6 9. h3 Bh5 10. d3 Qc7 11. Be3 Nd7 12. Qd2 Bxe2 13. Qxe2 O-O 14. Rae1
Rae8 15. Qg4 f5 16. Qh5 g6 17. Qh6 Be5 18. c3 b6 19. d4 Bd6 20. Bg5 Qb8 21. c4
Rxe1 22. Rxe1 Re8 23. Re3 Rxe3 24. Bxe3 Nf6 25. Qg5 Kf7 26. Qh4 Qe8 27. cxd5
cxd5 28. Kh2 Qe6 29. Bf4 Nh5 30. Be3 Kg7 31. Bf3 Nf6 32. Bh6+ Kg8 33. Bf4 Kf7
34. Bg5 Be7 35. Bxf6 Bxf6 36. Qxh7+ Bg7 37. Qh4 Bf6 38. Qf4 g5 39. Qc7+ Kg6 40.
Bh5+ Kh6 41. Qf7 Qxf7 42. Bxf7 Bxd4 43. Bxd5 1/2-1/2

[Event "5ème open de Provence (A)"]
[Site "Salon de Provence"]
[Date "2014.??.??"]
[Round "5.9"]
[White "Morris, Keith"]
[Black "Metras, Dominique"]
[Result "0-1"]
[WhiteElo "1709"]
[BlackElo "1965"]
[PlyCount "65"]
[EventDate "2014.??.??"]

1. e4 Nf6 2. Nc3 d5 3. exd5 Nxd5 4. Qf3 Nb6 5. Nge2 e5 6. Ng3 a6 7. Be2 Nc6 8.
O-O g6 9. d3 Nd4 10. Qe4 Bg7 11. Bd1 O-O 12. Qe1 Re8 13. Nce4 h6 14. c3 Nc6 15.
Bc2 Nd5 16. Bd2 f5 17. Nc5 b6 18. Nb3 Bb7 19. Qc1 Kh7 20. c4 Ndb4 21. Bxb4 Nxb4
22. Qd2 Qd6 23. a3 Nxc2 24. Qxc2 Rad8 25. Rad1 Rd7 26. c5 Qc6 27. f3 a5 28. a4
Qxa4 29. cxb6 cxb6 30. Ra1 Qb4 31. Nc1 Rc8 32. Qa4 Qxa4 33. Rxa4 0-1

[Event "5ème open de Provence (A)"]
[Site "Salon de Provence"]
[Date "2014.??.??"]
[Round "5.10"]
[White "Valcrose, Thomas"]
[Black "Merenciano, Alexandre"]
[Result "0-1"]
[WhiteElo "1787"]
[BlackElo "1984"]
[PlyCount "88"]
[EventDate "2014.??.??"]

1. e4 e6 2. d4 d5 3. exd5 exd5 4. c3 Bd6 5. Nf3 Bg4 6. Be3 c6 7. Bd3 Qc7 8.
Nbd2 Nd7 9. Qc2 Ne7 10. O-O O-O-O 11. b4 f5 12. Bg5 Rdf8 13. Bxe7 Bxe7 14. b5
c5 15. dxc5 Nxc5 16. Rac1 Kb8 17. c4 dxc4 18. Bxc4 Bd6 19. a4 Rf6 20. Rfe1 g5
21. Qc3 Qd8 22. Ne5 Rhf8 23. a5 Nd7 24. b6 Nxe5 25. Rxe5 Bxe5 26. Qxe5+ Qd6 27.
bxa7+ Ka8 28. Qb5 Qc6 29. Qb4 Rd8 30. a6 Rfd6 31. Rb1 b6 32. Bb5 Qc2 33. Nf1 f4
34. Re1 Be6 35. Re2 Qf5 36. Qb2 Bd7 37. Re5 Qf6 38. Bxd7 R6xd7 39. Qe2 Kxa7 40.
Qb5 g4 41. Rf5 Qd4 42. Qe2 Qd3 43. Qxg4 Re8 44. Qh3 Qxf1+ 0-1

[Event "5ème open de Provence (A)"]
[Site "Salon de Provence"]
[Date "2014.??.??"]
[Round "5.11"]
[White "Nicolas, Gabrielle"]
[Black "Boyer, Jean-Francois"]
[Result "1-0"]
[WhiteElo "1732"]
[BlackElo "1780"]
[PlyCount "63"]
[EventDate "2014.??.??"]

1. d4 Nf6 2. c4 e6 3. Nf3 Bb4+ 4. Nc3 c6 5. Qc2 d5 6. e3 dxc4 7. Bxc4 Nbd7 8.
O-O Bd6 9. e4 Be7 10. Bf4 Nb6 11. Bd3 Nh5 12. Be3 g6 13. Bh6 Bf6 14. e5 Bg7 15.
Bxg7 Nxg7 16. Ne4 O-O 17. Qd2 Nd5 18. Bc4 f5 19. Bxd5 fxe4 20. Bxe4 Qe7 21.
Rad1 Nh5 22. Qc2 Nf4 23. Rfe1 Bd7 24. Re3 Rf7 25. Rb3 Rb8 26. Qc5 b6 27. Qc2
Nd5 28. Ne1 Rbf8 29. Rf3 Rxf3 30. Nxf3 Rc8 31. Qb3 Qb4 32. Bxd5 1-0

[Event "5ème open de Provence (A)"]
[Site "Salon de Provence"]
[Date "2014.??.??"]
[Round "5.13"]
[White "Catot, Olivier"]
[Black "Fournier, Alain"]
[Result "1/2-1/2"]
[WhiteElo "1588"]
[BlackElo "1697"]
[PlyCount "107"]
[EventDate "2014.??.??"]

1. d4 d5 2. Nf3 e6 3. e3 f5 4. Nbd2 Nf6 5. b3 Be7 6. Bb2 Nbd7 7. Be2 Ne4 8. Ne5
Ndf6 9. O-O O-O 10. Rc1 Nxd2 11. Qxd2 Ne4 12. Qd1 Bg5 13. Ba3 Nc3 14. Qe1 Nxe2+
15. Qxe2 Re8 16. f4 Bf6 17. Rf3 Bxe5 18. fxe5 g5 19. Rh3 Qd7 20. Qh5 g4 21. Rg3
Qf7 22. Qh6 Bd7 23. h3 Qg6 24. Qxg6+ hxg6 25. hxg4 Kf7 26. gxf5 gxf5 27. Kf2
Rh8 28. Rh3 Rxh3 29. gxh3 Rh8 30. Rh1 Kg6 31. Be7 Bb5 32. Bf6 Rh7 33. h4 b6 34.
a4 Ba6 35. Kf3 Bb7 36. Kf4 Ba6 37. Rh2 Bf1 38. Kf3 c5 39. Kf2 Ba6 40. Rg2+ Kf7
41. c3 Bd3 42. Ke1 Be4 43. Rd2 Bf3 44. dxc5 bxc5 45. b4 cxb4 46. cxb4 Ke8 47.
a5 Rb7 48. Rb2 a6 49. Kf2 Be4 50. Kg3 Kd7 51. Kf4 Kc6 52. Kg5 Rh7 53. Bd8 Rh8
54. Bf6 1/2-1/2

[Event "5ème open de Provence (A)"]
[Site "Salon de Provence"]
[Date "2014.??.??"]
[Round "5.14"]
[White "Amoros, Jean"]
[Black "Nguyen, Patrick"]
[Result "0-1"]
[WhiteElo "1499"]
[BlackElo "1667"]
[PlyCount "86"]
[EventDate "2014.??.??"]

1. e4 c6 2. d4 d5 3. Nf3 dxe4 4. Ng5 Bf5 5. Bc4 e6 6. Nc3 Nf6 7. a3 h6 8. Nh3
Bxh3 9. gxh3 Bd6 10. Rg1 g5 11. Rg2 Nbd7 12. Qe2 Qe7 13. Be3 Nb6 14. Bb3 O-O-O
15. O-O-O Nbd5 16. Nxd5 Nxd5 17. Qc4 Bf4 18. Re1 Bxe3+ 19. fxe3 f5 20. Rge2 h5
21. c3 g4 22. hxg4 hxg4 23. Rg2 Rh3 24. Kd2 Rdh8 25. Ree2 Qc7 26. Qa4 Kb8 27.
Bxd5 exd5 28. Qd1 Rxh2 29. Qf1 Rxg2 30. Rxg2 Rh2 31. Kc1 Rxg2 32. Qxg2 Kc8 33.
Qf2 Qh7 34. Qf4 Qh1+ 35. Kc2 Qf3 36. Qg5 g3 37. Qg8+ Kc7 38. Qf7+ Kb6 39. Qe7
Qe2+ 40. Kb3 Qc4+ 41. Kc2 Ka6 42. Qg7 Qe2+ 43. Kb3 g2 0-1

[Event "5ème open de Provence (A)"]
[Site "Salon de Provence"]
[Date "2014.??.??"]
[Round "5.15"]
[White "Joubert, Leo"]
[Black "Bregier, Gerard"]
[Result "1-0"]
[WhiteElo "1790"]
[BlackElo "1480"]
[PlyCount "47"]
[EventDate "2014.??.??"]

1. c4 Nf6 2. g3 g6 3. Bg2 Bg7 4. Nc3 O-O 5. e4 d6 6. Nge2 Bg4 7. h3 Be6 8. d3
Nc6 9. O-O Nd7 10. Be3 f5 11. Nf4 Bf7 12. exf5 Nde5 13. fxg6 hxg6 14. Qd2 Qd7
15. Nfe2 Be6 16. f4 Nf7 17. Kh2 Nh6 18. Ne4 Nf5 19. Ng5 Nxe3 20. Qxe3 Bf7 21.
h4 Rae8 22. Bh3 e6 23. h5 gxh5 24. Qe4 1-0

[Event "5ème open de Provence (A)"]
[Site "Salon de Provence"]
[Date "2014.??.??"]
[Round "6.1"]
[White "Faure, Alexandre"]
[Black "Milchev, Nikolay"]
[Result "0-1"]
[WhiteElo "1875"]
[BlackElo "2424"]
[PlyCount "62"]
[EventDate "2014.??.??"]

1. e4 d5 2. exd5 Qxd5 3. Nc3 Qd6 4. d4 Nf6 5. Nf3 g6 6. h3 Bg7 7. Bd3 O-O 8.
O-O a6 9. Ne2 Nh5 10. c3 c5 11. Be3 cxd4 12. Nexd4 Rd8 13. Bc2 Qc7 14. Qe2 e5
15. Nb3 Be6 16. Rfd1 Nd7 17. Ng5 Bc4 18. Bd3 Bxd3 19. Rxd3 Nhf6 20. f3 h6 21.
Ne4 Nxe4 22. fxe4 Nf6 23. Rad1 Nxe4 24. Bxh6 Rxd3 25. Qxd3 Nxc3 26. Rc1 Bxh6
27. Rxc3 Qb6+ 28. Kh1 Qf2 29. Qf3 Qe1+ 30. Kh2 e4 31. Qg4 Qf2 0-1

[Event "5ème open de Provence (A)"]
[Site "Salon de Provence"]
[Date "2014.??.??"]
[Round "6.2"]
[White "Guidarelli, Laurent"]
[Black "Vincensini, Emmanuel"]
[Result "1-0"]
[WhiteElo "2498"]
[BlackElo "1960"]
[PlyCount "77"]
[EventDate "2014.??.??"]

1. d4 d5 2. c4 c6 3. Nf3 Nf6 4. Nc3 dxc4 5. a4 Bf5 6. e3 e6 7. Bxc4 Bb4 8. O-O
O-O 9. Nh4 Bg4 10. f3 Bh5 11. g4 Nd5 12. Ng2 Bg6 13. Na2 Be7 14. e4 Nb6 15. Bb3
a5 16. Be3 N8d7 17. Nc3 c5 18. d5 c4 19. dxe6 fxe6 20. Bc2 Rc8 21. Qe2 Bc5 22.
Rad1 Qe7 23. f4 Rfd8 24. Kh1 Be8 25. Bc1 Nb8 26. e5 Bc6 27. f5 Rxd1 28. Rxd1
exf5 29. gxf5 Rd8 30. Re1 Na6 31. Qg4 Kh8 32. Bg5 Rd4 33. Qg3 Qe8 34. f6 Rd3
35. Bxd3 cxd3 36. Bh6 Qg6 37. fxg7+ Kg8 38. Qxg6 hxg6 39. Rf1 1-0

[Event "5ème open de Provence (A)"]
[Site "Salon de Provence"]
[Date "2014.??.??"]
[Round "6.3"]
[White "Dudognon, Thibault"]
[Black "Rayne, Remy"]
[Result "1/2-1/2"]
[WhiteElo "2066"]
[BlackElo "1936"]
[PlyCount "89"]
[EventDate "2014.??.??"]

1. e4 e6 2. d4 d5 3. Nc3 dxe4 4. Nxe4 Nd7 5. Nf3 Ngf6 6. Nxf6+ Nxf6 7. Bd3 Be7
8. O-O O-O 9. Re1 b6 10. c3 Bb7 11. Bf4 c5 12. dxc5 Bxc5 13. Qe2 Bxf3 14. Qxf3
Nd5 15. Rad1 Qf6 16. Be5 Qxf3 17. gxf3 Rad8 18. Be4 Nf6 19. Bc2 Be7 20. a4 Rd7
21. Rxd7 Nxd7 22. Bg3 Bf6 23. Kg2 g6 24. Rd1 Ne5 25. Bb3 g5 26. f4 Ng6 27. fxg5
Bxg5 28. Rd7 Bc1 29. h4 h5 30. Rxa7 Bxb2 31. Rb7 Bxc3 32. Rxb6 Ra8 33. Rb5 Ra5
34. Kh3 Rxb5 35. axb5 Ba5 36. Bd1 Ne7 37. Bxh5 Nd5 38. Bf3 Nc3 39. Bc6 Bb6 40.
Be5 Nxb5 41. Bxb5 Bxf2 42. Bf6 Bc5 43. Kg4 Bf8 44. Kg5 Bg7 45. Be8 1/2-1/2

[Event "5ème open de Provence (A)"]
[Site "Salon de Provence"]
[Date "2014.??.??"]
[Round "6.4"]
[White "Lazov, Stefan"]
[Black "Kolb, Sebastien"]
[Result "1-0"]
[WhiteElo "1894"]
[BlackElo "2057"]
[PlyCount "119"]
[EventDate "2014.??.??"]

1. d4 d5 2. Nf3 Nf6 3. Bf4 e6 4. e3 Be7 5. h3 O-O 6. Bd3 c5 7. c3 Qb6 8. Qc1
Bd7 9. O-O Bb5 10. Bxb5 Qxb5 11. dxc5 Qxc5 12. Nbd2 Nbd7 13. Qc2 Bd6 14. Bxd6
Qxd6 15. e4 dxe4 16. Nxe4 Nxe4 17. Qxe4 Nf6 18. Qe2 Rfd8 19. Rfd1 Qb6 20. c4 h6
21. b3 Qa5 22. Qc2 Qc5 23. Rxd8+ Rxd8 24. Rd1 Rxd1+ 25. Qxd1 Ne4 26. Qd4 Qxd4
27. Nxd4 Nc3 28. a3 Nb1 29. Nc2 Nd2 30. Na1 a5 31. a4 Ne4 32. Kf1 Kf8 33. Ke2
Ke7 34. Ke3 Nc5 35. Kd4 b6 36. f3 Kd6 37. Kc3 e5 38. b4 axb4+ 39. Kxb4 Kc6 40.
Nc2 Nd3+ 41. Kc3 Nf4 42. Ne3 g6 43. Ng4 f6 44. Nxf6 h5 45. Ne4 Nxg2 46. Ng5 Nh4
47. Kb4 Kb7 48. c5 Kc6 49. cxb6 Kxb6 50. Kc4 Kc6 51. a5 Nf5 52. Nf7 Ne7 53.
Nxe5+ Kb7 54. Kc5 Nf5 55. Nxg6 Ka6 56. Kd5 Kxa5 57. Ke5 Ng3 58. f4 Ne2 59. f5
Ng1 60. Nf4 1-0

[Event "5ème open de Provence (A)"]
[Site "Salon de Provence"]
[Date "2014.??.??"]
[Round "6.5"]
[White "Metras, Dominique"]
[Black "Hernandez, Lara"]
[Result "0-1"]
[WhiteElo "1965"]
[BlackElo "1732"]
[PlyCount "92"]
[EventDate "2014.??.??"]

1. c4 Nf6 2. g3 g6 3. Bg2 Bg7 4. Nc3 O-O 5. e4 d6 6. Nge2 e5 7. d3 Nc6 8. O-O
Nd7 9. Nd5 a5 10. Rb1 f5 11. Be3 Nf6 12. Qd2 Rf7 13. exf5 gxf5 14. Bg5 Be6 15.
Nec3 Qf8 16. Rbe1 Rb8 17. f4 h6 18. Bxf6 Bxf6 19. Nxf6+ Rxf6 20. Bxc6 bxc6 21.
fxe5 dxe5 22. Rxe5 Qd6 23. Rxa5 Bxc4 24. Raxf5 Rg6 25. Rd1 Qe6 26. Ra5 Rd8 27.
d4 Qg4 28. b3 Bf7 29. Qe2 Qh3 30. Re5 h5 31. Qg2 Qg4 32. Re4 Qg5 33. Qd2 Qf6
34. Qf4 Qg7 35. Qxc7 Rdd6 36. Qc8+ Kh7 37. Qh3 Kg8 38. Qg2 Be6 39. Qf2 Bg4 40.
Rd2 h4 41. Re8+ Kh7 42. Qf8 Qxf8 43. Rxf8 hxg3 44. hxg3 Kg7 45. Rf4 Bh5 46. Kf2
Rde6 0-1

[Event "5ème open de Provence (A)"]
[Site "Salon de Provence"]
[Date "2014.??.??"]
[Round "6.6"]
[White "Massardo, Quentin"]
[Black "Danielian, Kevin"]
[Result "1-0"]
[WhiteElo "1829"]
[BlackElo "1848"]
[PlyCount "63"]
[EventDate "2014.??.??"]

1. d4 d5 2. c4 e6 3. Nf3 Nf6 4. g3 c6 5. Bg2 Nbd7 6. O-O Be7 7. Nc3 O-O 8. Qd3
b6 9. b3 Bb7 10. Bf4 Nh5 11. Bd2 Rc8 12. e4 dxe4 13. Nxe4 Nhf6 14. Nfg5 Nxe4
15. Nxe4 Nf6 16. Bc3 Nxe4 17. Bxe4 f5 18. Bg2 e5 19. Rad1 e4 20. Qe3 Bg5 21. f4
Bf6 22. g4 g6 23. gxf5 gxf5 24. Bh3 Bg7 25. Rf2 Rc7 26. Rg2 Bc8 27. Kh1 Qh4 28.
Rdg1 Rff7 29. d5 cxd5 30. Bd4 Qh6 31. Rxg7+ Rxg7 32. cxd5 1-0

[Event "5ème open de Provence (A)"]
[Site "Salon de Provence"]
[Date "2014.??.??"]
[Round "6.7"]
[White "Busson, Benoist"]
[Black "Chauvet, Vincent"]
[Result "1/2-1/2"]
[WhiteElo "1977"]
[BlackElo "2134"]
[PlyCount "36"]
[EventDate "2014.??.??"]

1. e4 e5 2. Nf3 Nc6 3. Nc3 Nf6 4. g3 d5 5. exd5 Nxd5 6. Bg2 Nxc3 7. bxc3 Be7 8.
O-O O-O 9. Rb1 Rb8 10. d3 Bg4 11. h3 Bh5 12. Qe1 f6 13. Qe4 Bg6 14. Qa4 Be8 15.
Qb3+ Bf7 16. Qa4 Be8 17. Qb3+ Bf7 18. Qa4 Be8 1/2-1/2

[Event "5ème open de Provence (A)"]
[Site "Salon de Provence"]
[Date "2014.??.??"]
[Round "6.8"]
[White "Merenciano, Alexandre"]
[Black "Nicolas, Gabrielle"]
[Result "1-0"]
[WhiteElo "1984"]
[BlackElo "1732"]
[PlyCount "57"]
[EventDate "2014.??.??"]

1. e4 e6 2. d4 d5 3. Nd2 Nf6 4. e5 Nfd7 5. f4 c5 6. c3 Nc6 7. Ndf3 Be7 8. Bd3
f6 9. Ne2 O-O 10. O-O a6 11. Kh1 f5 12. Rg1 Rf7 13. Be3 b6 14. g4 Nf8 15. Qf1
Ng6 16. Qh3 Bd7 17. gxf5 exf5 18. Raf1 Ra7 19. Ng5 Bxg5 20. Rxg5 cxd4 21. cxd4
Nge7 22. Ng3 Nb4 23. Bb1 Rc7 24. Nxf5 Kh8 25. Nd6 Bxh3 26. Nxf7+ Kg8 27. Nxd8
Bxf1 28. Ne6 Nc2 29. Bf2 1-0

[Event "5ème open de Provence (A)"]
[Site "Salon de Provence"]
[Date "2014.??.??"]
[Round "6.9"]
[White "Benavides, Jeremy"]
[Black "Legrand, Vincent"]
[Result "1-0"]
[WhiteElo "1835"]
[BlackElo "1833"]
[PlyCount "65"]
[EventDate "2014.??.??"]

1. e4 e5 2. Nf3 Nc6 3. d4 exd4 4. Bc4 Bc5 5. c3 Nf6 6. O-O O-O 7. cxd4 Bb6 8.
Nc3 d6 9. h3 h6 10. Bb3 Re8 11. Re1 Nh7 12. Nd5 Ng5 13. Nxg5 hxg5 14. Nxb6 axb6
15. Qh5 Qd7 16. Be3 Rxe4 17. Bxg5 Rxe1+ 18. Rxe1 d5 19. Bxd5 Ra5 20. Bxf7+ Qxf7
21. Re8+ Qxe8 22. Qxe8+ Kh7 23. Qxc8 Rxg5 24. Qxb7 Rg6 25. d5 Nb4 26. Qxc7 Nxd5
27. Qe5 Nb4 28. a3 Nc6 29. Qe4 Na5 30. h4 Kh6 31. b4 Nc6 32. g4 Nd8 33. Qf5 1-0

[Event "5ème open de Provence (A)"]
[Site "Salon de Provence"]
[Date "2014.??.??"]
[Round "6.10"]
[White "Vincken Vasquez, Dimaryk"]
[Black "Brongers, Henk"]
[Result "0-1"]
[WhiteElo "1626"]
[BlackElo "2027"]
[PlyCount "120"]
[EventDate "2014.??.??"]

1. e4 Nf6 2. e5 Ng8 3. Nf3 d6 4. exd6 cxd6 5. d4 Bf5 6. Be3 d5 7. Nbd2 Nd7 8.
Be2 Ngf6 9. O-O e6 10. c3 Bd6 11. Re1 O-O 12. Nh4 Ne4 13. Nxf5 exf5 14. Nf3 g5
15. Bd3 g4 16. Nd2 Qh4 17. g3 Qh5 18. Nxe4 fxe4 19. Bf1 f5 20. Qd2 Rf6 21. Bf4
Bxf4 22. Qxf4 Rh6 23. Bg2 Nf8 24. Qe5 Rd8 25. c4 Re6 26. Qc7 Rd7 27. Qb8 dxc4
28. d5 Rxd5 29. Qxb7 Rd7 30. Qc8 Rd2 31. Rad1 Red6 32. Rxd2 Rxd2 33. Qxc4+ Qf7
34. Qc3 Qd5 35. Bf1 Qd4 36. Bc4+ Kg7 37. Qxd4+ Rxd4 38. b3 Ng6 39. a4 Ne5 40.
Rc1 Rd2 41. Kf1 Rb2 42. Be2 Rxb3 43. Rc7+ Kg6 44. Rxa7 Rb1+ 45. Kg2 Nf3 46.
Ra6+ Kg5 47. Bf1 Rb2 48. Rc6 Ra2 49. a5 Rxa5 50. h4+ gxh3+ 51. Kxh3 Ra2 52. Kg2
Rd2 53. Rc8 Kf6 54. Rf8+ Kg6 55. Bc4 Ne5 56. Be6 e3 57. Rxf5 Nd3 58. Rf3 Ne1+
59. Kf1 Nxf3 60. fxe3 Kf6 0-1

[Event "5ème open de Provence (A)"]
[Site "Salon de Provence"]
[Date "2014.??.??"]
[Round "6.11"]
[White "Nguyen, Patrick"]
[Black "Morris, Keith"]
[Result "1/2-1/2"]
[WhiteElo "1667"]
[BlackElo "1709"]
[PlyCount "69"]
[EventDate "2014.??.??"]

1. e4 e5 2. Nf3 Nc6 3. Nc3 d6 4. Bb5 Bd7 5. O-O Nf6 6. d4 exd4 7. Nxd4 Be7 8.
Nxc6 bxc6 9. Bd3 O-O 10. b3 d5 11. Kh1 Bb4 12. Bb2 Bxc3 13. Bxc3 dxe4 14. Bxf6
Qxf6 15. Bxe4 Rad8 16. Qh5 g6 17. Qa5 Rfe8 18. Bf3 g5 19. Rae1 g4 20. Rxe8+
Bxe8 21. Bxg4 Rd5 22. Qxa7 Qd8 23. Qe3 Bd7 24. Bxd7 Qxd7 25. h3 Rd2 26. Qg5+
Kh8 27. Qe5+ Kg8 28. Re1 Rxc2 29. Re3 Qd1+ 30. Kh2 Qd6 31. Rg3+ Kf8 32. Qg7+
Ke7 33. Qg5+ Kf8 34. Qg7+ Ke7 35. Qg5+ 1/2-1/2

[Event "5ème open de Provence (A)"]
[Site "Salon de Provence"]
[Date "2014.??.??"]
[Round "6.12"]
[White "Fournier, Alain"]
[Black "Joubert, Leo"]
[Result "0-1"]
[WhiteElo "1697"]
[BlackElo "1790"]
[PlyCount "106"]
[EventDate "2014.??.??"]

1. d4 Nf6 2. Nf3 e6 3. Bf4 c5 4. e3 b6 5. Nbd2 Bb7 6. Bd3 Be7 7. c3 O-O 8. Qe2
cxd4 9. cxd4 Nh5 10. Bxh7+ Kxh7 11. Ng5+ Bxg5 12. Qxh5+ Bh6 13. O-O d5 14. Nf3
f6 15. Rfc1 Nc6 16. Qh3 Qe7 17. Rc3 e5 18. Bxh6 gxh6 19. Qf5+ Kg7 20. Nh4 Qf7
21. e4 Ne7 22. Qg4+ Kh7 23. Rc7 Bc8 24. Qf3 Be6 25. Rac1 Rac8 26. exd5 Bxd5 27.
Qd3+ e4 28. Qg3 Rxc7 29. Rxc7 Rc8 30. Rxc8 Nxc8 31. a3 Ne7 32. h3 f5 33. Qf4
Be6 34. g3 Ng6 35. Nxg6 Qxg6 36. Qc7+ Qg7 37. Qd6 Qd7 38. Qe5 Bf7 39. h4 Bh5
40. Kf1 Qc8 41. Qe7+ Kg8 42. Kg2 Qe8 43. Qb4 Bf3+ 44. Kf1 Qc6 45. Qd2 Qc4+ 46.
Ke1 Qd3 47. Qxd3 exd3 48. Kd2 Be2 49. f3 h5 50. g4 fxg4 51. fxg4 hxg4 52. d5 g3
53. d6 Bg4 0-1

[Event "5ème open de Provence (A)"]
[Site "Salon de Provence"]
[Date "2014.??.??"]
[Round "6.13"]
[White "Valcrose, Thomas"]
[Black "Catot, Olivier"]
[Result "1-0"]
[WhiteElo "1787"]
[BlackElo "1588"]
[PlyCount "105"]
[EventDate "2014.??.??"]

1. e4 e6 2. d4 d5 3. exd5 exd5 4. c3 Bd6 5. Nf3 Nf6 6. Bd3 O-O 7. O-O Bg4 8.
Bg5 Nbd7 9. Nbd2 c6 10. Qc2 Qc7 11. Rfe1 Rfe8 12. c4 dxc4 13. Bxc4 Nd5 14. Qb3
Be6 15. Ne4 Bf8 16. Bh4 h6 17. Bg3 Qb6 18. Bd6 Qxb3 19. Bxb3 Bxd6 20. Nxd6 Reb8
21. Ne5 N7f6 22. Rac1 Nf4 23. Bxe6 Nxe6 24. Nexf7 Nxd4 25. Rc4 Nf5 26. Nxf5
Kxf7 27. g3 Nd5 28. Nd6+ Kf6 29. Rce4 g6 30. Re6+ Kg7 31. Ne8+ Kf7 32. Nc7 Nxc7
33. Re7+ Kf8 34. Rxc7 Re8 35. Rxe8+ Rxe8 36. Rxb7 Re7 37. Rxe7 Kxe7 38. Kg2 Kd6
39. Kf3 Kd5 40. Ke3 c5 41. h4 Ke5 42. f3 g5 43. hxg5 hxg5 44. f4+ gxf4+ 45.
gxf4+ Kf5 46. b3 a6 47. a3 a5 48. a4 Kf6 49. Ke4 Ke6 50. f5+ Kf6 51. Kf4 Kf7
52. Ke5 Ke7 53. Kd5 1-0

[Event "5ème open de Provence (A)"]
[Site "Salon de Provence"]
[Date "2014.??.??"]
[Round "6.14"]
[White "Boyer, Jean-Francois"]
[Black "Colandrea, Sauveur"]
[Result "1-0"]
[WhiteElo "1780"]
[BlackElo "1764"]
[PlyCount "51"]
[EventDate "2014.??.??"]

1. e4 c5 2. Nf3 g6 3. Nc3 Bg7 4. Bc4 Nc6 5. O-O a6 6. a3 e6 7. d3 Nge7 8. Bg5
b5 9. Ba2 O-O 10. Qc1 Nd4 11. Nxd4 cxd4 12. Ne2 d6 13. Bh6 Nc6 14. Bxg7 Kxg7
15. Qf4 Qe7 16. h4 Bd7 17. Qg3 f5 18. f3 Rf6 19. Nf4 Kh8 20. Rae1 fxe4 21. Rxe4
Raf8 22. Nd5 Qf7 23. Nxf6 Qxf6 24. Qxd6 Rf7 25. Rfe1 e5 26. Qd5 1-0

[Event "5ème open de Provence (A)"]
[Site "Salon de Provence"]
[Date "2014.??.??"]
[Round "6.15"]
[White "Bregier, Gerard"]
[Black "Amoros, Jean"]
[Result "1-0"]
[WhiteElo "1480"]
[BlackElo "1499"]
[PlyCount "70"]
[EventDate "2014.??.??"]

1. d4 Nf6 2. c4 e6 3. Nf3 h6 4. g3 c5 5. Bg2 Nc6 6. O-O Qb6 7. d5 Nd4 8. Nc3
Be7 9. b3 O-O 10. Bb2 d6 11. Nxd4 cxd4 12. Na4 Qd8 13. Bxd4 e5 14. Bb2 Bd7 15.
Nc3 Rb8 16. Rc1 Qc8 17. Ne4 Nxe4 18. Bxe4 f5 19. Bg2 Bg5 20. Rc2 f4 21. Ba3 Qc7
22. c5 Qa5 23. Bb2 Be7 24. c6 bxc6 25. dxc6 Bf5 26. Qd5+ Qxd5 27. Bxd5+ Kh7 28.
Rc4 Rbc8 29. b4 Bh3 30. Rd1 Bd8 31. Be4+ Kh8 32. Rxd6 Bb6 33. Bxe5 fxg3 34.
Bxg3 Bc7 35. Rd1 Rf6 1-0

[Event "5ème open de Provence (A)"]
[Site "Salon de Provence"]
[Date "2014.??.??"]
[Round "7.1"]
[White "Milchev, Nikolay"]
[Black "Hernandez, Lara"]
[Result "1-0"]
[WhiteElo "2424"]
[BlackElo "1732"]
[PlyCount "75"]
[EventDate "2014.??.??"]

1. Nf3 {[%emt 0:00:00]} Nf6 {[%emt 0:00:00]} 2. c4 g6 3. b4 Bg7 4. Bb2 O-O 5.
g3 b6 6. Bg2 Bb7 7. O-O d6 8. d4 c5 9. a3 cxd4 10. Qxd4 a5 11. b5 Nbd7 12. Qh4
Nc5 13. Nbd2 a4 14. Rad1 Qc7 15. Nd4 Bxg2 16. Kxg2 Nb7 17. Nc6 Na5 18. Nxa5
Rxa5 19. Nf3 d5 20. cxd5 Rxb5 21. Be5 Qd7 22. Qxa4 Ra5 23. Qb3 Rb5 24. Qa4 Ra5
25. Qc6 Qa7 26. Qc4 Qd7 27. Bxf6 Bxf6 28. Rd3 Rc8 29. Qb3 Rb5 30. Qa4 Rcc5 31.
Rfd1 Qd6 32. e4 Ra5 33. Qe8+ Kg7 34. e5 Bxe5 35. Ng5 Qf6 36. Ne4 Qf5 37. Nxc5
Rxc5 38. Rf3 1-0

[Event "5ème open de Provence (A)"]
[Site "Salon de Provence"]
[Date "2014.??.??"]
[Round "7.2"]
[White "Lazov, Stefan"]
[Black "Guidarelli, Laurent"]
[Result "0-1"]
[WhiteElo "1894"]
[BlackElo "2498"]
[PlyCount "64"]
[EventDate "2014.??.??"]

1. d4 Nf6 2. Bg5 Ne4 3. Bf4 d5 4. e3 c5 5. Nd2 Nxd2 6. Qxd2 Nc6 7. Nf3 e6 8.
Be2 Bd6 9. Bxd6 Qxd6 10. O-O O-O 11. dxc5 Qxc5 12. Rac1 b5 13. b3 Bb7 14. c4
dxc4 15. a3 Qxa3 16. bxc4 Rfd8 17. Qc2 Nb4 18. Qb1 Na2 19. Qa1 b4 20. Rc2 b3
21. Rb2 a5 22. Nd4 a4 23. Nb5 Qc5 24. Qb1 Ba6 25. Bf3 Rac8 26. Be4 f5 27. Bf3
Bxb5 28. cxb5 Nc3 29. Qa1 Qb4 30. Qe1 a3 31. Rd2 b2 32. Rxd8+ Rxd8 0-1

[Event "5ème open de Provence (A)"]
[Site "Salon de Provence"]
[Date "2014.??.??"]
[Round "7.3"]
[White "Massardo, Quentin"]
[Black "Dudognon, Thibault"]
[Result "1/2-1/2"]
[WhiteElo "1829"]
[BlackElo "2066"]
[PlyCount "100"]
[EventDate "2014.??.??"]

1. d4 d5 2. c4 c6 3. Nf3 Nf6 4. g3 dxc4 5. a4 Be6 6. Bg2 Bd5 7. Nc3 e6 8. Bg5
Bb4 9. O-O Bxf3 10. Bxf3 h6 11. Bxf6 Qxf6 12. Ne4 Qe7 13. Qc2 Nd7 14. a5 a6 15.
Qxc4 O-O 16. Ra4 Bd6 17. Nxd6 Qxd6 18. e4 b5 19. axb6 Nxb6 20. Qb4 Qxb4 21.
Rxb4 Rfb8 22. Ra1 a5 23. Rb3 Nc4 24. Rxb8+ Rxb8 25. Be2 Nd6 26. Bd3 Rxb2 27.
Rxa5 Rd2 28. Ra8+ Kh7 29. Ra3 g6 30. Kf1 Nb5 31. Bxb5 cxb5 32. Ra7 Rxd4 33.
Rxf7+ Kg8 34. Rb7 b4 35. e5 Re4 36. f4 g5 37. Re7 gxf4 38. Rxe6 b3 39. Rb6 fxg3
40. hxg3 Re3 41. Rxh6 Rxe5 42. Rb6 Re3 43. Kf2 Rc3 44. Kg2 Rc2+ 45. Kh3 b2 46.
Rb7 Kf8 47. Kh4 Ke8 48. g4 Kd8 49. g5 Kc8 50. Rb3 Kd7 1/2-1/2